Govt. of
Madhya Pradesh

Parliamentary System in India (Record no. 49571)

MARC details
000 -LEADER
fixed length control field 003430000a22001450004500
001 - CONTROL NUMBER
control field 000264
003 - CONTROL NUMBER IDENTIFIER
control field MACL
040 ## - CATALOGING SOURCE
Original cataloging agency MACL
090 ## - LOCALLY ASSIGNED LC-TYPE CALL NUMBER (OCLC); LOCAL CALL NUMBER (RLIN)
-- 264
-- 264
100 ## - MAIN ENTRY--PERSONAL NAME
Personal name Deogaonkar, S.G.
245 ## - TITLE STATEMENT
Title Parliamentary System in India
Statement of responsibility, etc. S.G. Deogaonkar
260 ## - PUBLICATION, DISTRIBUTION, ETC. (IMPRINT)
Place of publication, distribution, etc. Concept Publishing Company,
Date of publication, distribution, etc. 1997
650 ## - SUBJECT ADDED ENTRY--TOPICAL TERM
Topical term or geographic name as entry element Political Science
942 ## - ADDED ENTRY ELEMENTS (KOHA)
Call number prefix 328
Koha item type Library Membar

No items available.